Law enforcement fentanyl seizures and overdose mortality in US counties, 2013-2020
| Authors: | ; ; ; ; ; |
|---|---|
| Format: | Electronic Article |
| Language: | English |
| Published: |
2024
|
| In: |
Drug and alcohol dependence
Year: 2024 |
| Online Access: |
Presumably Free Access Volltext (lizenzpflichtig) |
| Check availability: | HBZ Gateway |
MARC
| LEADER | 00000caa a22000002c 4500 | ||
|---|---|---|---|
| 001 | 1912606615 | ||
| 003 | DE-627 | ||
| 005 | 20250109091611.0 | ||
| 007 | cr uuu---uuuuu | ||
| 008 | 241217s2024 xx |||||o 00| ||eng c | ||
| 024 | 7 | |a 10.1016/j.drugalcdep.2024.111400 |2 doi | |
| 035 | |a (DE-627)1912606615 | ||
| 035 | |a (DE-599)KXP1912606615 | ||
| 040 | |a DE-627 |b ger |c DE-627 |e rda | ||
| 041 | |a eng | ||
| 084 | |a 2,1 |2 ssgn | ||
| 100 | 1 | |a Bruzelius, Emilie |e VerfasserIn |4 aut | |
| 245 | 1 | 0 | |a Law enforcement fentanyl seizures and overdose mortality in US counties, 2013-2020 |
| 264 | 1 | |c 2024 | |
| 336 | |a Text |b txt |2 rdacontent | ||
| 337 | |a Computermedien |b c |2 rdamedia | ||
| 338 | |a Online-Ressource |b cr |2 rdacarrier | ||
| 700 | 1 | |a Martins, Silvia S. |e VerfasserIn |4 aut | |
| 700 | 1 | |a Carr, Thomas C. |e VerfasserIn |4 aut | |
| 700 | 1 | |a Cottler, Linda B. |e VerfasserIn |0 (DE-588)1013619390 |0 (DE-627)705059553 |0 (DE-576)347435017 |4 aut | |
| 700 | 1 | |a Fitzgerald, Nicole D. |e VerfasserIn |4 aut | |
| 700 | 1 | |a Palamar, Joseph J. |e VerfasserIn |4 aut | |
| 773 | 0 | 8 | |i Enthalten in |t Drug and alcohol dependence |d Amsterdam [u.a.] : Elsevier Science, 1975 |g (2024) |h Online-Ressource |w (DE-627)320441059 |w (DE-600)2004927-4 |w (DE-576)252887816 |x 1879-0046 |7 nnas |
| 773 | 1 | 8 | |g year:2024 |
| 787 | 0 | 8 | |i Forschungsdaten |a United States. Federal Bureau of Investigation |t Uniform Crime Reporting Program Data: Police Employee (LEOKA) Data, United States, 2020 |d [Erscheinungsort nicht ermittelbar] : [Verlag nicht ermittelbar], 2023 |w (DE-627)1902796136 |
| 787 | 0 | 8 | |i Forschungsdaten |a United States. Federal Bureau of Investigation |t Uniform Crime Reporting Program Data: Police Employee (LEOKA) Data, United States, 2019 |d [Erscheinungsort nicht ermittelbar] : [Verlag nicht ermittelbar], 2023 |w (DE-627)1902796071 |
| 787 | 0 | 8 | |i Forschungsdaten |a United States. Federal Bureau of Investigation |t Uniform Crime Reporting Program Data: Police Employee (LEOKA) Data, United States, 2018 |d [Erscheinungsort nicht ermittelbar] : [Verlag nicht ermittelbar], 2022 |w (DE-627)1840036079 |
| 787 | 0 | 8 | |i Forschungsdaten |a United States. Federal Bureau of Investigation |t Uniform Crime Reporting Program Data: Police Employee (LEOKA) Data, United States, 2017 |d [Erscheinungsort nicht ermittelbar] : [Verlag nicht ermittelbar], 2022 |w (DE-627)1840036095 |
| 787 | 0 | 8 | |i Forschungsdaten |a United States. Federal Bureau of Investigation |t Uniform Crime Reporting Program Data: Police Employee (LEOKA) Data, United States, 2016 |d [Erscheinungsort nicht ermittelbar] : [Verlag nicht ermittelbar], 2018 |w (DE-627)1840041676 |
| 787 | 0 | 8 | |i Forschungsdaten |a United States Department of Justice. Federal Bureau of Investigation |t Uniform Crime Reporting Program Data: Police Employee (LEOKA) Data, 2015 |d [Erscheinungsort nicht ermittelbar] : [Verlag nicht ermittelbar], 2017 |w (DE-627)1840043008 |
| 787 | 0 | 8 | |i Forschungsdaten |a United States Department of Justice. Federal Bureau of Investigation |t Uniform Crime Reporting Program Data: Police Employee (LEOKA) Data, 2014 |d [Erscheinungsort nicht ermittelbar] : [Verlag nicht ermittelbar], 2016 |w (DE-627)1840044705 |
| 787 | 0 | 8 | |i Forschungsdaten |a United States Department of Justice. Federal Bureau of Investigation |t Uniform Crime Reporting Program Data: Police Employee (LEOKA) Data, 2013 |d [Erscheinungsort nicht ermittelbar] : [Verlag nicht ermittelbar], 2015 |w (DE-627)1840045779 |
| 856 | |u https://pmc.ncbi.nlm.nih.gov/articles/PMC11422803/pdf/nihms-2019160.pdf |x unpaywall |z Vermutlich kostenfreier Zugang |h repository [deprecated] | ||
| 856 | 4 | 0 | |u https://doi.org/10.1016/j.drugalcdep.2024.111400 |x Resolving-System |z lizenzpflichtig |3 Volltext |7 1 |
| 935 | |a mkri | ||
| 951 | |a AR | ||
| ELC | |a 1 | ||
| LOK | |0 000 xxxxxcx a22 zn 4500 | ||
| LOK | |0 001 4637572134 | ||
| LOK | |0 003 DE-627 | ||
| LOK | |0 004 1912606615 | ||
| LOK | |0 005 20241217044641 | ||
| LOK | |0 008 241217||||||||||||||||ger||||||| | ||
| LOK | |0 035 |a (DE-2619)ICPSR176243 | ||
| LOK | |0 040 |a DE-2619 |c DE-627 |d DE-2619 | ||
| LOK | |0 092 |o n | ||
| LOK | |0 852 |a DE-2619 | ||
| LOK | |0 852 1 |9 00 | ||
| LOK | |0 935 |a nacp | ||
| LOK | |0 939 |a 17-12-24 |b l01 | ||
| OAS | |a 1 | ||
| ORI | |a SA-MARC-krimdoka001.raw | ||
